| 000 | 00820nam a22002297a 4500 | ||
|---|---|---|---|
| 999 |
_c9293 _d9293 |
||
| 003 | AR-CdUCM | ||
| 008 | 190327b ||||| |||| 00| 0 d | ||
| 040 |
_aMUNICIPALIDAD PROVINCIAL DEL CUSCO _cBIBLIOTECA MUNICIPAL DEL CUSCO |
||
| 082 |
_a372.48 / _bI99 |
||
| 100 |
_aIzquierdo Ríos, Francisco _91079 |
||
| 245 |
_aMaestros y niños : _bSelección de cuentos / |
||
| 260 |
_aLima : _bLa Confianza, _c1959. |
||
| 300 |
_a93 páginas ; _c17 cm. |
||
| 440 |
_aPrimer festival del libro pedagógico _925399 |
||
| 500 | _aDonación familia Nieto. | ||
| 505 | _aContenido: Mateo Rojas, el maestro -- La bandera, Flor del pueblo -- Jardin -- Los humildes -- Leito... | ||
| 650 |
_aProferores peruanos _925400 |
||
| 650 |
_aMaestros cusqueños _925401 |
||
| 650 |
_aPedagogia _91560 |
||
| 942 |
_2ddc _cLIBROS |
||
| 945 | _adavv | ||